| 000 | 00780nam a22002417a 4500 | ||
|---|---|---|---|
| 008 | 131111b xxu||||| |||| 00| 0 eng d | ||
| 020 | _a81-224-0557-7 | ||
| 024 | _cAvailable | ||
| 037 | _cAvailable | ||
| 040 |
_aMBSTU LIBRARY _dMBSTU LIBRARY |
||
| 082 |
_222 _a363.7CHE |
||
| 100 | _aChauhan, P.S. | ||
| 245 | _aEnvironmental mutagenesis and carcinogenesis: basic and applied aspects. | ||
| 260 |
_aNew Delhi _bNew Age International Publishers Ltd. _c1996 |
||
| 300 |
_a24cm. _b154 page _f1 _g24 cm. |
||
| 600 | _2Environmental problems. | ||
| 650 | _2Environmental problems. | ||
| 700 | _aChauhan, P.S. | ||
| 270 |
_aNew Delhi _bNew Delhi _dIndia |
||
| 365 |
_b540.00 _d540.00 |
||
| 942 |
_2ddc _cBK |
||
| 999 |
_c817 _d817 |
||